000 00547nam a2200205 i 4500
001 bgj
100 1 _aHÄRTLING, Peter.
245 1 0 _aNiemsch oder der Stillsand :
_beine Suite /
_cPeter Härtling.
260 _a[Frankfurt am Main ;
_aWien : ]
_bBüchergilde Gutenberg,
_c1993.
300 _a142 s. ;
_c22 cm.
650 9 _aPowieść niemiecka
020 _a3763242171
040 _cBPK
041 0 _ager
044 _aDEU
080 _a821.112.2-3
920 _a3-7632-4217-1
942 _cKS
008 s gw f |000 0 ger
999 _c50034
_d50034
856 _uhttp://koha.tu.koszalin.pl/cgi-bin/koha/opac-detail.pl?biblionumber=50034
_yKatalog online BPK